000 00536nam a2200169Ia 4500
003 LK-CoDNM
008 010623t2011 xxu||||| |||| 00| 1 sin d
040 _aLK-CoDNM
_dLK-CoDNM
_eLK-CoDNM
041 _asin
080 _a294.3 SRI
100 _aSri Sumangala Himi, Hikkaduwe
245 _aබ්‍රාහ්මධර්මය හෙවත් අනුශාසනා සංග්‍ර‍හය
246 _aBrahma Darmaya Hewath Anushasana Sangrahaya
260 _bGodage
_aColombo
_c2011
300 _b80, 21 cm
942 _cBK
999 _c131422
_d131422